000 00553nam a2200241Ia 4500
001 18257
003 GE_BSU
008 181216s||||||||xx |||||||||||||| ||und||
020 _a9780230363380
040 _cGE_BSU
100 _aHeywood, Andrew.
245 _aPolitics
250 _a4th ed.
260 _aNew York
260 _bPalgrave macmillan
260 _c2013.
300 _a496p.25
300 _eBibl.:p.460-475., Index.: p.476-496
541 _h80 Gel. 25cm.
653 _aPolitics
653 _aპოლიტიკა
942 _cBK
999 _c51288
_d51288